000 00979cam a2200277 a 4500
999 _c2604
_d2604
001 988261
003 GBCCL
005 20241126110433.0
008 860411s1986 cau 000 0 eng
010 _a 86009865
020 _a0830718133
_c$6.95
040 _aDLC
_cDLC
_dDLC
050 0 0 _aBV835
_b.R345 1986
082 0 0 _a248.844
_219
_bRAI
100 1 _aRainey, Dennis,
_d1948-
_95478
245 1 0 _aBuilding your mate's self-esteem /
_cby Dennis & Barbara Rainey ; [foreword by Howard & Jeanne Hendricks].
260 _aSan Bernardino, Calif. :
_bHere's Life Publishers,
_cc1997.
300 _a275 p. ;
_c21 cm.
504 _aBibliography: p. 251-254.
650 0 _aMarriage
_xReligious aspects
_xChristianity.
_9295
650 0 _aSelf-esteem
_xReligious aspects
_xChristianity.
_95479
650 0 _aInterpersonal relations
_xReligious aspects
_xChristianity.
_9400
700 1 _aRainey, Barbara.
_95480
906 _a7
_bcbc
_corignew
_d1
_eocip
_f19
_gy-gencatlg
942 _2ddc
_cBK